<?xml version="1.0" encoding="UTF-8"?>
<record
    xmlns:xsi="http://www.w3.org/2001/XMLSchema-instance"
    xsi:schemaLocation="http://www.loc.gov/MARC21/slim http://www.loc.gov/standards/marcxml/schema/MARC21slim.xsd"
    xmlns="http://www.loc.gov/MARC21/slim">

  <leader>02482nam a2200205 a 4500</leader>
  <controlfield tag="008">180208t2004    ag ||||gr|||| 00| 0 spa d</controlfield>
  <datafield tag="020" ind1=" " ind2=" ">
    <subfield code="a">950072569X</subfield>
  </datafield>
  <datafield tag="041" ind1=" " ind2=" ">
    <subfield code="a">spa</subfield>
  </datafield>
  <datafield tag="092" ind1=" " ind2=" ">
    <subfield code="c">808</subfield>
    <subfield code="l">28</subfield>
    <subfield code="s">GAL</subfield>
  </datafield>
  <datafield tag="100" ind1="1" ind2=" ">
    <subfield code="a">G&#xE1;lvez, Luc&#xED;a</subfield>
    <subfield code="9">4135</subfield>
  </datafield>
  <datafield tag="245" ind1=" " ind2=" ">
    <subfield code="a">Titaquin.</subfield>
    <subfield code="b">El inca andaluz /</subfield>
    <subfield code="c">Luc&#xED;a G&#xE1;lvez</subfield>
  </datafield>
  <datafield tag="250" ind1=" " ind2=" ">
    <subfield code="a">1a ed.</subfield>
  </datafield>
  <datafield tag="260" ind1=" " ind2=" ">
    <subfield code="a">Buenos Aires:</subfield>
    <subfield code="b">Sudamericana;</subfield>
    <subfield code="c">2004.</subfield>
  </datafield>
  <datafield tag="300" ind1=" " ind2=" ">
    <subfield code="a">208 p.</subfield>
    <subfield code="c">23x16 cm.</subfield>
  </datafield>
  <datafield tag="500" ind1=" " ind2=" ">
    <subfield code="a">G&#xE1;lvez, L. (2004). Titaquin. El inca andaluz. (1a ed.). Buenos Aires : Sudamericana.</subfield>
  </datafield>
  <datafield tag="505" ind1=" " ind2=" ">
    <subfield code="a">Nuestro siglo XVII, calificado por algunos historiadores como "una larga siesta provinciana", fue, por el contrario, un per&#xED;odo de cambios, adaptaciones, encuentros y desencuentros entre miembros de una sociedad compleja que presentaba tanto las violentas caracter&#xED;sticas de la conquista como las m&#xE1;s integradoras del mestizaje biol&#xF3;gico y cultural. Esta pintoresca sociedad, con resabios medievales y renacentistas, pero al mismo tiempo muy influida por las culturas prehisp&#xE1;nicas de cada regi&#xF3;n, propici&#xF3; el surgimiento de toda clase de personajes novelescos.
Uno de los mas interesantes y complejos fue, sin duda, el llamado "falso Inca Boh&#xF3;rquez". De origen granadino, "Pedro hab&#xED;a heredado la gracias chusca del andaluz, la predisposici&#xF3;n a la poes&#xED;a del moro y la arrogancia del caballero espa&#xF1;ol". Como muchos de sus compatriotas, el andaluz  viaj&#xF3; al Nuevo Mundo con el anhelo de descubrir ciudades de oro y plata, m&#xE1;s concretamente la ciudad de Paitit&#xED;, de la que hab&#xED;a o&#xED;do hablar en su infancia. Pedro era encantador, astuto, verborr&#xE1;gico y, sobre todo, un habil&#xED;simo negociador: a cada grupo -espa&#xF1;oles, indios, evangelizadores- le dec&#xED;a lo que quer&#xED;a o&#xED;r. El resultado fue una vida de aventuras, con una fuerte presencia de lo ind&#xED;gena, que culmina con su coronaci&#xF3;n como Inca en la peque&#xF1;&#xED;sima y remota ciudad de Pom&#xE1;n. Cuatro siglos despu&#xE9;s, los escenarios donde transcurre esta historia -selvas peruanas y Valles Calchaqu&#xED;es- siguen presentando casi la misma fisonom&#xED;a de entonces.
Sobre la base de una investigaci&#xF3;n impecable y con la gracia y el talento que caracterizan todos sus escritos, Luc&#xED;a G&#xE1;lvez ofrece aqu&#xED; su primera novela, Titaqu&#xED;n, el Inca andaluz, una historia fascinante que merec&#xED;a contarse como lo hizo ella, con la fuerza de los datos reales y el vuelo de la ficci&#xF3;n.</subfield>
  </datafield>
  <datafield tag="590" ind1=" " ind2=" ">
    <subfield code="a">Proyecto 4to Libro. Donaci&#xF3;n Pardo, Paula. marzo 2020.</subfield>
  </datafield>
  <datafield tag="655" ind1=" " ind2=" ">
    <subfield code="a">Literatura</subfield>
    <subfield code="9">2917</subfield>
  </datafield>
  <datafield tag="942" ind1=" " ind2=" ">
    <subfield code="2">ddc</subfield>
    <subfield code="c">LIT</subfield>
  </datafield>
  <datafield tag="999" ind1=" " ind2=" ">
    <subfield code="c">3083</subfield>
    <subfield code="d">3083</subfield>
  </datafield>
  <datafield tag="952" ind1=" " ind2=" ">
    <subfield code="0">0</subfield>
    <subfield code="1">0</subfield>
    <subfield code="2">ddc</subfield>
    <subfield code="4">0</subfield>
    <subfield code="7">0</subfield>
    <subfield code="a">BFM</subfield>
    <subfield code="b">BFM</subfield>
    <subfield code="c">CR</subfield>
    <subfield code="d">2020-03-11</subfield>
    <subfield code="e">Donaci&#xF3;n Pardo, Paula. marzo 2020</subfield>
    <subfield code="l">0</subfield>
    <subfield code="o">808 28 GAL</subfield>
    <subfield code="p">4647</subfield>
    <subfield code="r">2020-03-11</subfield>
    <subfield code="t">Ej. 1</subfield>
    <subfield code="w">2020-03-11</subfield>
    <subfield code="y">LIT</subfield>
    <subfield code="z">Donaci&#xF3;n Pardo, Paula. marzo 2020</subfield>
  </datafield>
</record>
